LEADER 01767nam a2200337 i 4500 001 000000363651 003 CaOOAMICUS 005 20250722094854.0 008 250722s2019 it 000 u ita r 020 $a978-88-6894-375-2 040 $aSeMil$bita 245 00$aMilano dall'Unità alla fine del secolo :$bletteratura, storia, editoria /$ca cura di Stefania Baragetti. 264 1$aMilano :$bBiblioteca Ambrosiana :$bCentro Ambrosiano,$c2019. 300 $aIX, 298 p. ;$c24 cm. 490 1 $aStudi ambrosiani di italianistica ;$v9 490 1 $aAccademia Ambrosiana. Classe di italianistica 650 4$aMilano - Cultura - Storia - Sec. 19.$0(OLS)http://semarc/subject/58280 650 4$aMilano - Letteratura - Sec. 19.$0(OLS)http://semarc/subject/55700 650 4$aMilano - Storia - Sec. 19.$0(OLS)http://semarc/subject/4456 650 4$aMilano - Editoria - Sec. 19.$0(OLS)http://semarc/subject/58282 700 1 $aBaragetti, Stefania.$0(OLS)http://semarc/name/76363 710 2 $aBiblioteca Ambrosiana : Accademia Ambrosiana.$0(OLS)http://semarc/name/87942 830 0$aStudi ambrosiani di italianistica ;$v9.$0(OLS)http://semarc/title/31601 830 0$aAccademia ambrosiana. Classe di italianistica.$0(OLS)http://semarc/title/454018 850 $aSeMil 852 $aSeMil$W1$xVenegono$y1$m1ZA B 9$j260026$B254517$CSeMilBibl$Z2$F254517 $81 961 $aBiblioteca Ambrosiana - Omaggio 996 $6020$a978-88-6894-375-2$9(OLS)http://semarc/number/303693 996 $6245$aMilano dall'Unità alla fine del secolo :$bletteratura, storia, editoria$9(OLS)http://semarc/title/454935 996 $6264$aMilano :$bBiblioteca Ambrosiana :$bCentro Ambrosiano$9(OLS)http://semarc/publisher/62474 LEADER 01223nam a2200301 i 4500 001 000000177252 003 CaOOAMICUS 005 20090218000000.0 008 090218s1984 it u000 u ita u 013 $a154765 020 $a88-85038-20-4 040 $aSeMil$bita 100 1 $aBaldoni, E.$0(OLS)http://semarc/name/65959 245 10$aSviluppo culturale nella vita anziana /$cE. Baldoni ... [et al.] ; a cura di Giuseppe Dal Ferro. 260 $aVicenza :$bRezzara,$ccopyr. 1984. 300 $a218 p. ;$c21 cm. 490 0 $aInformazioni e opinioni ;$v4 500 $aFondo Card. Giovanni Colombo. 650 4$aAnziani - Istruzione.$0(OLS)http://semarc/subject/33794 700 1 $aDal Ferro, Giuseppe.$0(OLS)http://semarc/name/28547 830 0$aInformazioni e opinioni ;$v4.$0(OLS)http://semarc/title/23005 850 $aSeMil 852 $aSeMil$W1$xVenegono$y1$m3X II 128$j128063$B128063$CSeMilBibl$Z2$F142839 $81 941 1 $a3 961 $aLascito: Colombo Card. Giovanni 996 $6020$a88-85038-20-4$9(OLS)http://semarc/number/166027 996 $6245$aSviluppo culturale nella vita anziana$9(OLS)http://semarc/title/254555 996 $6260$aVicenza :$bRezzara$9(OLS)http://semarc/publisher/32732